000 00713nam a2200265Ia 4500
005 20260302114813.0
008 008 260114s9999 xx 000 0 eng d
020 _a9781978732483
037 _aTextbook
040 _aCRL
040 _beng
040 _cCRL
041 _2eng
041 _aeng
084 _qCRL
100 _aRebecca Frost
_91119809
245 4 _aThe Functions of Unnatural Death in Stephen King Murder, Sickness, and Plots
260 _bBloomsbury
260 _bLexington Books
260 _c2022
650 _aLiterary Studies
856 _uhttps://doi.org/10.5040/9781978732483?locatt=label:secondary_bloomsburyCollections
942 _cEBOOK
999 _c1683894
_d1683894